| 000 | 00635nam a2200229 i 4500 | ||
|---|---|---|---|
| 001 | C2-0088029 | ||
| 003 | PPAK | ||
| 005 | 20180727091407.0 | ||
| 008 | 970504s1990 enka|||| ||||| | eng d | ||
| 040 |
_aPPAK _beng _cPPAK _erda |
||
| 082 | 0 | 4 |
_a649.5 _223 |
| 090 | 0 | 0 |
_a649.5 _bSCA _dRK |
| 100 | 1 |
_aScarry, Richard, _eauthor |
|
| 245 | 1 | 0 | _aBest rainyday book ever |
| 264 | 1 |
_aLondon : _bDean , _c1990 |
|
| 300 |
_a[142 pages] : _bcolour illustrations ; _c27 cm |
||
| 336 |
_2rdacontent _atext |
||
| 337 |
_2rdamedia _aunmediated |
||
| 338 |
_2rdacarrier _avolume |
||
| 650 | 1 | 0 | _aCreatives activities and seat work |
| 942 |
_ddc _cB |
||
| 999 |
_c18160 _d18160 |
||